| 000 | 00408nam a2200145Ia 4500 | ||
|---|---|---|---|
| 008 | 231129s2007||||xx |||||||||||||| ||spa|| | ||
| 020 | _a958-96343-4-9 | ||
| 040 | _bspa | ||
| 082 | _aCo861 N841p | ||
| 100 | _aNoriega Teobaldo A. | ||
| 245 | 0 | _aPasión anticulada: antología poética | |
| 260 | _c2007 | ||
| 264 | _aEdiciones Exilio/Mesosaurus | ||
| 942 |
_2ddc _cBKS |
||
| 999 |
_c22464 _d22464 |
||